<?xml version="1.0" encoding="UTF-8"?><?xml-stylesheet type="text/xsl" href="static/style.xsl"?><OAI-PMH xmlns="http://www.openarchives.org/OAI/2.0/" xmlns:xsi="http://www.w3.org/2001/XMLSchema-instance" xsi:schemaLocation="http://www.openarchives.org/OAI/2.0/ http://www.openarchives.org/OAI/2.0/OAI-PMH.xsd"><responseDate>2026-04-17T04:21:36Z</responseDate><request verb="GetRecord" identifier="oai:www.recercat.cat:10459.1/58830" metadataPrefix="marc">https://recercat.cat/oai/request</request><GetRecord><record><header><identifier>oai:recercat.cat:10459.1/58830</identifier><datestamp>2024-12-05T21:50:28Z</datestamp><setSpec>com_2072_3622</setSpec><setSpec>col_2072_479130</setSpec></header><metadata><record xmlns="http://www.loc.gov/MARC21/slim" xmlns:dcterms="http://purl.org/dc/terms/" xmlns:xsi="http://www.w3.org/2001/XMLSchema-instance" xmlns:doc="http://www.lyncode.com/xoai" xsi:schemaLocation="http://www.loc.gov/MARC21/slim http://www.loc.gov/standards/marcxml/schema/MARC21slim.xsd">
   <leader>00925njm 22002777a 4500</leader>
   <datafield ind2=" " ind1=" " tag="042">
      <subfield code="a">dc</subfield>
   </datafield>
   <datafield ind2=" " ind1=" " tag="720">
      <subfield code="a">Bai, Chao</subfield>
      <subfield code="e">author</subfield>
   </datafield>
   <datafield ind2=" " ind1=" " tag="720">
      <subfield code="a">Twyman, Richard M.</subfield>
      <subfield code="e">author</subfield>
   </datafield>
   <datafield ind2=" " ind1=" " tag="720">
      <subfield code="a">Farré Martinez, Gemma</subfield>
      <subfield code="e">author</subfield>
   </datafield>
   <datafield ind2=" " ind1=" " tag="720">
      <subfield code="a">Sanahuja Solsona, Georgina</subfield>
      <subfield code="e">author</subfield>
   </datafield>
   <datafield ind2=" " ind1=" " tag="720">
      <subfield code="a">Christou, Paul</subfield>
      <subfield code="e">author</subfield>
   </datafield>
   <datafield ind2=" " ind1=" " tag="720">
      <subfield code="a">Capell Capell, Teresa</subfield>
      <subfield code="e">author</subfield>
   </datafield>
   <datafield ind2=" " ind1=" " tag="720">
      <subfield code="a">Zhu, Changfu</subfield>
      <subfield code="e">author</subfield>
   </datafield>
   <datafield ind2=" " ind1=" " tag="260">
      <subfield code="c">2016-12-15T12:57:09Z</subfield>
   </datafield>
   <datafield ind2=" " ind1=" " tag="260">
      <subfield code="c">2025-01-01</subfield>
   </datafield>
   <datafield ind2=" " ind1=" " tag="260">
      <subfield code="c">2011</subfield>
   </datafield>
   <datafield ind2=" " ind1=" " tag="520">
      <subfield code="a">Numerous crops have been bred or engineered&#xd;
to increase carotenoid levels in an effort to develop novel&#xd;
strategies that address vitamin A deficiency in the developing&#xd;
world. The pioneering work in rice (not covered in this review)&#xd;
has been followed up in many additional crops, some of which&#xd;
are staples like rice whereas others are luxury products whose&#xd;
impact on food security is likely to be marginal. This review&#xd;
surveys the progress that has been made in carotenoid&#xd;
breeding and metabolic engineering, focusing on β-carotene&#xd;
enhancement in crops other than rice. We ask if these efforts&#xd;
have the potential to address vitamin A deficiency in developing&#xd;
countries by comparing bioavailable pro-vitamin A&#xd;
levels in wild type and enhanced crops to determine whether&#xd;
nutritional requirements can be met without the consumption&#xd;
of unrealistic amounts of food. The potential impact of&#xd;
carotenoid enhancement should therefore be judged against&#xd;
benchmarks that include the importance of particular crops&#xd;
in terms of global food security, the amount of bioavailable&#xd;
β-carotene, and the amount of food that must be consumed to&#xd;
achieve the reference daily intake of vitamin A.</subfield>
   </datafield>
   <datafield ind2=" " ind1=" " tag="520">
      <subfield code="a">Research in our laboratory is supported by the Ministry of Science and Innovation (MICINN) Grant BFU2007- 61413; European Research Council Advanced Grant BIOFORCE; Center Consolider, MICINN, Spain; COST Action FA0804, Associated Unit CAVA; and the SmartCell, FP7 Integrated Project.</subfield>
   </datafield>
   <datafield ind1="8" ind2=" " tag="024">
      <subfield code="a">http://hdl.handle.net/10459.1/58830</subfield>
   </datafield>
   <datafield tag="653" ind2=" " ind1=" ">
      <subfield code="a">Beta carotene</subfield>
   </datafield>
   <datafield tag="653" ind2=" " ind1=" ">
      <subfield code="a">Metabolic engineering</subfield>
   </datafield>
   <datafield tag="653" ind2=" " ind1=" ">
      <subfield code="a">Nutritional enhancement</subfield>
   </datafield>
   <datafield tag="653" ind2=" " ind1=" ">
      <subfield code="a">Biofortification</subfield>
   </datafield>
   <datafield ind2="0" ind1="0" tag="245">
      <subfield code="a">A golden era—pro-vitamin A enhancement in diverse crops</subfield>
   </datafield>
</record></metadata></record></GetRecord></OAI-PMH>